Social insecurity <the> crisis in America's social security system and how to plan now for your own financial survival
Salvato in:
| Autore principale: | |
|---|---|
| Altri autori: | |
| Natura: | Libro |
| Lingua: | inglese |
| Pubblicazione: |
New York
Villard Books
1991
|
| Soggetti: | |
| Tags: |
Nessun Tag, puoi essere il primo ad aggiungerne!!
|
MARC
| LEADER | 00000nam a2200000 4500 | ||
|---|---|---|---|
| 001 | c103259 | ||
| 005 | 20221123101936.8 | ||
| 020 | |a 0-679-40290-X | ||
| 041 | 0 | |a eng | |
| 044 | |a US | ||
| 245 | 1 | 0 | |a Social insecurity |b <the> crisis in America's social security system and how to plan now for your own financial survival |c Dorcas R. Hardy, C. Colburn Hardy |
| 264 | 1 | |a New York |b Villard Books |c 1991 | |
| 300 | |a 178 s. | ||
| 610 | 2 | 0 | |a zabezpečenie sociálne |
| 610 | 2 | 0 | |a systémy sociálne |
| 610 | 2 | 0 | |a kríza sociálna |
| 610 | 2 | 0 | |a USA |
| 100 | 1 | |a Hardy, Dorcas R. | |
| 700 | 1 | |a Hardy, C. Colburn | |